000 00579nam a2200205Ia 4500
003 GCL
008 140319s9999 xx 000 0 eng d
040 _aGCL /
_cGCL
082 0 4 _aCC
_b910.202
_bS G
100 1 _aSILIOTTI, ALBERTO
245 1 0 _aGUIDE TO EXPLORATION OF THE SINAI /
_cSILIOTTI, ALBERTO
700 1 _aFRANCO,CRISTINA
260 _aالقاهرة :
_bA. A. GODDIS AND SONS PUBLISHERS ،
_c1994
300 _a159 P:
_bILL ؛
_c29 cm.
650 0 4 _aEGYPT
650 0 4 _aSINAI
650 0 4 _aSAINT CATHERINE - HISTORY
650 0 4 _aMOUNT SINAI
942 _2ddc
_cBK
999 _c13274
_d13274